| 000 | 00346nam a22001577a 4500 | ||
|---|---|---|---|
| 003 | SGT | ||
| 020 | _a978-93-89261-67-7 | ||
| 082 |
_a519.5 _bB20K |
||
| 100 | _aKULKARNI, A.P. | ||
| 245 | _aBASIC OF BIOSTATISTICS | ||
| 250 | _a2ND | ||
| 260 |
_aINDIA _bCBS PUB. _c2020 |
||
| 300 | _a124 | ||
| 650 | _aCOMMUNITY MEDICINE | ||
| 942 |
_2ddc _cBK _097 |
||
| 999 |
_c19672 _d19672 |
||